[Event "Women Grand Prix Ankara"]
[Site "Ankara TUR"]
[Date "2012.09.28"]
[EventDate "2012.09.16"]
[Round "11"]
[Result "1-0"]
[White "Viktorija Cmilyte"]
[Black "Kubra Ozturk"]
[WhiteElo "2520"]
[BlackElo "2294"]
[PlyCount "81"]

1. d4 d5 2. c4 dxc4 3. e4 e5 4. Nf3 exd4 5. Bxc4 Bb4+ 6. Nbd2
Nc6 7. O-O Qf6 8. e5 Qg6 9. a3 Be7 10. Qb3 Nh6 11. Re1 O-O
12. Bd3 Bf5 13. Ne4 Ng4 14. Bf4 Rad8 15. Qc2 Kh8 16. h3 Nh6
17. Kh1 Rd7 18. Qd2 Qe6 19. Rac1 Ng8 20. g4 Bxe4 21. Bxe4 g6
22. Bd3 Qd5 23. Kg2 Rdd8 24. Bc4 Qa5 25. Qd3 Qb6 26. b4 a6
27. h4 f5 28. g5 Bxb4 29. axb4 Nxb4 30. Qa3 Ne7 31. e6 c5
32. Be5+ Kg8 33. Bf6 Rfe8 34. Ne5 d3 35. Nxd3 Qc6+ 36. Kg1 b5
37. Ne5 Qb7 38. Bf1 Rd2 39. Qc3 Rd4 40. Bg2 Qc7 41. Qxd4 1-0

[Event "Women's World Team Championship"]
[Site "Astana KAZ"]
[Date "2013.03.03"]
[EventDate "2013.03.03"]
[Round "1.2"]
[Result "0-1"]
[White "Bela Khotenashvili"]
[Black "Kubra Ozturk"]
[WhiteElo "2499"]
[BlackElo "2252"]
[PlyCount "134"]

1. d4 d5 2. c4 dxc4 3. e4 Nf6 4. e5 Nd5 5. Bxc4 Nb6 6. Bd3 Nc6
7. Ne2 Bg4 8. f3 Be6 9. Nbc3 Bc4 10. Bxc4 Nxc4 11. e6 fxe6
12. O-O Qd7 13. Qb3 Nb6 14. Kh1 O-O-O 15. Bf4 g5 16. Bg3 Bg7
17. Rac1 e5 18. d5 Nxd5 19. Ne4 Nb6 20. Nc5 Qd5 21. Qc2 Nd7
22. Qf5 Rhf8 23. Qe6 Qxe6 24. Nxe6 Bf6 25. Nc3 Rde8 26. Nxf8
Nxf8 27. Ne4 Ne6 28. Rfe1 h5 29. h3 Ned4 30. Nf2 Nf5 31. Bh2
Rd8 32. Rcd1 Rd6 33. Ne4 Re6 34. a3 b6 35. Rd3 Nfd4 36. Bg1 a5
37. Rdd1 Nc2 38. Re2 N2d4 39. Red2 Nf5 40. Rd3 Nd6 41. Rc1 Kb7
42. Rdc3 Nxe4 43. fxe4 g4 44. hxg4 hxg4 45. Be3 a4 46. Kh2 Bh4
47. R3c2 Rd6 48. Rc3 Re6 49. R1c2 Be1 50. Rc4 Rd6 51. Bf2 Bxf2
52. Rxf2 Rd3 53. Rfc2 Nd4 54. Rxc7+ Ka6 55. R2c4 b5 56. Rc3
Rd2 57. Rxe7 Rxb2 58. Rcc7 Re2 59. Rcd7 Kb6 60. Rd6+ Kc5
61. Rd5+ Kc4 62. Rc7+ Kb3 63. Rcc5 Kxa3 64. Kg3 Rxe4 65. Rxe5
Rxe5 66. Rxe5 b4 67. Kxg4 b3 0-1

[Event "Women's World Team Championship"]
[Site "Astana KAZ"]
[Date "2013.03.04"]
[EventDate "2013.03.03"]
[Round "2.2"]
[Result "1-0"]
[White "Kubra Ozturk"]
[Black "Irina Krush"]
[WhiteElo "2281"]
[BlackElo "2460"]
[PlyCount "120"]

1. d4 g6 2. c4 Bg7 3. Nf3 d6 4. Nc3 Bg4 5. e3 c5 6. Be2 cxd4
7. Nxd4 Bxe2 8. Ndxe2 Nf6 9. O-O O-O 10. b3 a6 11. Bb2 Nc6
12. Nf4 Qa5 13. Qe2 Rab8 14. Rac1 e6 15. Rfd1 Rfd8 16. a3 Ne5
17. Na4 Qc7 18. b4 Rbc8 19. Bd4 Ned7 20. Nd3 Qb8 21. c5 d5
22. Qb2 Ne8 23. f4 Qc7 24. Ne5 Nxe5 25. fxe5 Qe7 26. Rf1 Nc7
27. Nb6 Rb8 28. a4 Na8 29. b5 axb5 30. Nxa8 Rxa8 31. axb5 Rdc8
32. Rc2 Qd7 33. Rfc1 Bf8 34. c6 bxc6 35. bxc6 Qc7 36. Ra1
Rxa1+ 37. Qxa1 Be7 38. Qa6 Rb8 39. Qa7 Qxa7 40. Bxa7 Rc8
41. Bd4 f5 42. exf6 Bd6 43. g4 g5 44. Kg2 Kf7 45. Bb6 Kxf6
46. Kf3 Ke7 47. e4 Bf4 48. Ba5 Kd6 49. Bb4+ Ke5 50. exd5 Kxd5
51. Bd2 Bxh2 52. Bxg5 Bd6 53. Rd2+ Kxc6 54. Rc2+ Kd7 55. Rxc8
Kxc8 56. Bf6 Kd7 57. Kg2 Kc6 58. Kh3 Kd5 59. Kh4 e5 60. Bxe5
Bxe5 1-0

[Event "Women's World Team Championship"]
[Site "Astana KAZ"]
[Date "2013.03.05"]
[EventDate "2013.03.03"]
[Round "3.2"]
[Result "1-0"]
[White "Natalia Pogonina"]
[Black "Kubra Ozturk"]
[WhiteElo "2475"]
[BlackElo "2281"]
[PlyCount "83"]

1. e4 e5 2. Nf3 Nc6 3. Bb5 a6 4. Ba4 Nge7 5. O-O g6 6. c3 Bg7
7. d4 exd4 8. cxd4 b5 9. Bb3 O-O 10. Nc3 d6 11. h3 Na5 12. Bc2
c5 13. Ne2 Nec6 14. d5 Ne7 15. Rb1 f5 16. Nf4 Bf6 17. b4 cxb4
18. Nd4 Qb6 19. Nde6 Bxe6 20. Nxe6 Rf7 21. Be3 Qb7 22. Bd4
Bxd4 23. Qxd4 Rc8 24. Qxb4 Nc4 25. Rbd1 a5 26. Qb3 f4 27. Bd3
Ne5 28. Bxb5 Rb8 29. a4 f3 30. g3 h6 31. Rc1 Qb6 32. Qc3 g5
33. Qd4 Qxd4 34. Nxd4 h5 35. Ne6 g4 36. h4 N7g6 37. Rc3 Nf8
38. Nd4 Nfd7 39. Nf5 Rxf5 40. exf5 Nc5 41. Re1 Ned7 42. Bxd7
1-0

[Event "Women's World Team Championship"]
[Site "Astana KAZ"]
[Date "2013.03.06"]
[EventDate "2013.03.03"]
[Round "4.2"]
[Result "1/2-1/2"]
[White "Kubra Ozturk"]
[Black "Mariya Muzychuk"]
[WhiteElo "2281"]
[BlackElo "2471"]
[PlyCount "139"]

1. d4 Nf6 2. c4 e6 3. Nf3 c5 4. g3 cxd4 5. Nxd4 Qc7 6. b3 Bb4+
7. Bd2 Bc5 8. Bc3 Ne4 9. Bg2 Nxc3 10. Nxc3 Bb4 11. Rc1 Qa5
12. Qc2 Nc6 13. e3 O-O 14. O-O a6 15. Rfd1 Qc7 16. Qb2 Be7
17. a3 Nxd4 18. exd4 d6 19. b4 Bd7 20. Qe2 Rac8 21. c5 dxc5
22. dxc5 Bc6 23. Bxc6 Qxc6 24. Qe4 Qxe4 25. Nxe4 Rfd8 26. Kf1
Kf8 27. Ke2 Ke8 28. Nd2 a5 29. Nc4 axb4 30. axb4 Ra8 31. Ra1
Rxa1 32. Rxa1 f6 33. Ke3 e5 34. Nb2 Kd7 35. Ra7 Kc7 36. Nd3
Kb8 37. Ra2 Rd5 38. f4 exf4+ 39. Nxf4 Rd1 40. Ke4 g6 41. Nd5
Bd8 42. Nc3 Rc1 43. Kd3 Bc7 44. Rc2 Rh1 45. Kc4 Be5 46. Nd5
Rd1 47. Nb6 Kc7 48. Kb5 h5 49. Ra2 Rd8 50. Ra7 h4 51. c6 Rb8
52. Nd7 hxg3 53. hxg3 Bd4 54. Nc5 Bf2 55. cxb7 Bxc5 56. Kxc5
Re8 57. b8=Q+ Kxb8 58. Rf7 Re5+ 59. Kc6 Re6+ 60. Kd5 Re5+
61. Kd6 Rg5 62. Kc6 Rxg3 63. Rf8+ Ka7 64. Rxf6 Rc3+ 65. Kb5
Rc7 66. Ra6+ Kb7 67. Rxg6 Rf7 68. Rb6+ Ka7 69. Ra6+ Kb7
70. Rb6+ 1/2-1/2

[Event "Women's World Team Championship"]
[Site "Astana KAZ"]
[Date "2013.03.07"]
[EventDate "2013.03.03"]
[Round "5.2"]
[Result "0-1"]
[White "Elena Luminita Radu Cosma"]
[Black "Kubra Ozturk"]
[WhiteElo "2332"]
[BlackElo "2281"]
[PlyCount "60"]

1. d4 d5 2. Nf3 e6 3. g3 c5 4. Bg2 Nc6 5. O-O Nf6 6. c4 dxc4
7. Ne5 Bd7 8. Na3 cxd4 9. Naxc4 Be7 10. Qb3 Nxe5 11. Nxe5 Qb6
12. Bxb7 Rb8 13. Qxb6 axb6 14. Bf3 Nd5 15. Bxd5 exd5 16. Nxd7
Kxd7 17. Bf4 Rbe8 18. Rfc1 Bc5 19. Kf1 f6 20. b4 Bxb4 21. Rc7+
Ke6 22. Rxg7 Rc8 23. Rb1 Rc4 24. Kg2 h5 25. Bc7 b5 26. a3 Bf8
27. Rxb5 Bxg7 28. Rb6+ Kf7 29. Rb7 Re8 30. Bd6+ Kg6 0-1

[Event "Women's World Team Championship"]
[Site "Astana KAZ"]
[Date "2013.03.09"]
[EventDate "2013.03.03"]
[Round "6.2"]
[Result "1/2-1/2"]
[White "Kubra Ozturk"]
[Black "Gulmira Dauletova"]
[WhiteElo "2281"]
[BlackElo "2265"]
[PlyCount "64"]

1. d4 Nf6 2. c4 e6 3. Nf3 Bb4+ 4. Nbd2 O-O 5. e3 b6 6. Bd3 Bb7
7. O-O d5 8. Qe2 Ne4 9. Rd1 Nd7 10. Nf1 Bd6 11. Bd2 Qe7
12. cxd5 exd5 13. Ng3 g6 14. Ba6 Bxa6 15. Qxa6 Ndf6 16. Be1
Ng4 17. Nf1 Rfe8 18. h3 Ngf6 19. Rac1 g5 20. N3h2 Nh5 21. Qe2
Nef6 22. Ng4 Qe6 23. b4 a6 24. Rc2 Kh8 25. Ne5 Ng7 26. Rdc1
Nd7 27. Nxd7 Qxd7 28. Qg4 Qxg4 29. hxg4 h5 30. gxh5 Nxh5
31. g4 Ng7 32. f3 Kg8 1/2-1/2

[Event "Women's World Team Championship"]
[Site "Astana KAZ"]
[Date "2013.03.10"]
[EventDate "2013.03.03"]
[Round "7.1"]
[Result "1-0"]
[White "Kubra Ozturk"]
[Black "Nisha Mohota"]
[WhiteElo "2252"]
[BlackElo "2325"]
[PlyCount "125"]

1. d4 Nf6 2. c4 g6 3. Nf3 Bg7 4. g3 O-O 5. Bg2 d6 6. O-O Nbd7
7. Nc3 e5 8. e4 exd4 9. Nxd4 Re8 10. h3 a6 11. Re1 Rb8 12. a4
a5 13. Ndb5 Nc5 14. Bf4 Nh5 15. Be3 Bd7 16. Qc2 Bc6 17. Rad1
Bxb5 18. cxb5 Qc8 19. g4 Nf6 20. Bxc5 dxc5 21. e5 Nd7 22. f4
Nf8 23. Ne4 Ne6 24. Qf2 b6 25. f5 Bxe5 26. fxe6 Rxe6 27. Kh1
h6 28. Nc3 Qf8 29. Bd5 Bd4 30. Qg2 Rxe1+ 31. Rxe1 Re8 32. Rxe8
Qxe8 33. Qe4 Qxe4+ 34. Bxe4 Kg7 35. Kg2 Kf6 36. Bd5 Ke7
37. Kf3 f5 38. Bc4 fxg4+ 39. Kxg4 Kd6 40. Bf7 g5 41. Kf5 c6
42. Be8 Ke7 43. Bxc6 c4 44. Bd5 Kd6 45. Bxc4 Kc5 46. Be2 Kb4
47. Bd1 Kc4 48. Kg6 Be3 49. Ne4 Kd3 50. Nd6 Bf4 51. Nf7 Kd2
52. Bg4 Kc2 53. Nxh6 Kb3 54. Bd1+ Kxb2 55. Nf7 Kc1 56. Bg4 Kc2
57. Nxg5 Bg3 58. Ne4 Be1 59. Kg5 Kd3 60. Nf6 Bd2+ 61. Kf5 Be1
62. Ke5 Bc3+ 63. Ke6 1-0

[Event "Women's World Team Championship"]
[Site "Astana KAZ"]
[Date "2013.03.11"]
[EventDate "2013.03.03"]
[Round "8.2"]
[Result "1-0"]
[White "Huang Qian"]
[Black "Kubra Ozturk"]
[WhiteElo "2478"]
[BlackElo "2281"]
[PlyCount "83"]

1. d4 d5 2. c4 dxc4 3. e4 e5 4. Nf3 Bb4+ 5. Bd2 Bxd2+ 6. Qxd2
exd4 7. Qxd4 Qxd4 8. Nxd4 Nf6 9. Nc3 Be6 10. f4 Nc6 11. Nxc6
bxc6 12. f5 Bd7 13. Bxc4 Ng4 14. Be2 Ne5 15. O-O-O h5 16. Na4
Ke7 17. Nc5 f6 18. Rhf1 Be8 19. b3 Bf7 20. h3 Rag8 21. Nd3 Nd7
22. Kd2 g6 23. fxg6 Rxg6 24. Bf3 a5 25. Rc1 c5 26. Nxc5 Ne5
27. Ke3 c6 28. Nd3 a4 29. Nxe5 fxe5 30. bxa4 Bxa2 31. a5 Ra8
32. Rc5 Kd6 33. Rfc1 Rc8 34. a6 Rg7 35. Ra5 Bf7 36. Rcc5 Re8
37. Rc1 Ra8 38. Rd1+ Ke6 39. Rb1 Rgg8 40. Be2 Rg3+ 41. Kf2
Rag8 42. Bf1 1-0

[Event "European Individual Women's Championship"]
[Site "Belgrade SRB"]
[Date "2013.08.02"]
[EventDate "2013.07.23"]
[Round "10.24"]
[Result "1-0"]
[White "Kubra Ozturk"]
[Black "Evgenija Ovod"]
[WhiteElo "2293"]
[BlackElo "2386"]
[PlyCount "91"]

1. Nf3 f5 2. d4 Nf6 3. c4 g6 4. g3 Bg7 5. Bg2 O-O 6. b4 d6
7. Bb2 Ne4 8. O-O c5 9. b5 cxd4 10. Bxd4 Nd7 11. Bxg7 Kxg7
12. Nc3 Nec5 13. Qd4+ Nf6 14. Rfd1 Be6 15. Nd2 Rc8 16. e4 fxe4
17. Ncxe4 Nxe4 18. Bxe4 b6 19. Re1 Bg8 20. Bc6 e5 21. Qd3 Be6
22. Rad1 Qe7 23. Nf1 Rcd8 24. Ne3 Qf7 25. Rd2 h5 26. h4 Kh6
27. Qa3 Bxc4 28. Nxc4 Qxc4 29. Rxd6 Ng4 30. Rxd8 Rxd8 31. Bf3
Qxb5 32. Bxg4 hxg4 33. Qe3+ Kg7 34. Qg5 Re8 35. h5 Qd3 36. Rc1
Qd6 37. Qxg4 e4 38. Rd1 Qe6 39. Rd7+ Kh6 40. Qf4+ g5 41. Qc7
Kxh5 42. Rd6 Qf5 43. Qg7 Rc8 44. Rf6 Rc1+ 45. Kg2 Qb5 46. Qh6+
1-0

[Event "European Club Cup"]
[Site "Rhodes GRE"]
[Date "2013.10.20"]
[EventDate "2013.10.20"]
[Round "1.5"]
[Result "0-1"]
[White "Ray Byrne"]
[Black "Kubra Ozturk"]
[WhiteElo "1995"]
[BlackElo "2279"]
[PlyCount "54"]

1. d4 Nf6 2. c4 e6 3. Nc3 Bb4 4. e3 O-O 5. Bd3 d5 6. Nf3 c5
7. O-O Nc6 8. a3 Bxc3 9. bxc3 dxc4 10. Bxc4 Qc7 11. Bd3 e5
12. dxe5 Nxe5 13. Nxe5 Qxe5 14. Qe2 Rd8 15. Rd1 Be6 16. f4 Qc7
17. c4 Bg4 18. Bxh7+ Kxh7 19. Qc2+ Kg8 20. Rxd8+ Rxd8 21. Bb2
Qe7 22. Qc3 Bf5 23. Re1 Rd3 24. Qc1 Ne4 25. h3 Qh4 26. Re2 Ng3
27. Rf2 Bg4 0-1

[Event "European Club Cup"]
[Site "Rhodes GRE"]
[Date "2013.10.21"]
[EventDate "2013.10.20"]
[Round "2.5"]
[Result "1/2-1/2"]
[White "Kubra Ozturk"]
[Black "Danyyil Dvirnyy"]
[WhiteElo "2279"]
[BlackElo "2568"]
[PlyCount "99"]

1. d4 Nf6 2. c4 c5 3. d5 b5 4. cxb5 a6 5. bxa6 g6 6. Nc3 Bxa6
7. g3 d6 8. Nf3 Bg7 9. Bg2 Nbd7 10. O-O Ra7 11. Re1 O-O 12. e4
Ng4 13. Bf1 Bxf1 14. Kxf1 Qa8 15. Qe2 Nb6 16. Bf4 Na4 17. Nxa4
Rxa4 18. Nd2 Nf6 19. Nc4 Rxa2 20. Rxa2 Qxa2 21. Bd2 Ra8
22. Bc3 Nd7 23. Bxg7 Kxg7 24. Qd3 f6 25. Rc1 Rb8 26. Rc3 Qa1+
27. Kg2 Ne5 28. Nxe5 fxe5 29. Rb3 Rxb3 30. Qxb3 Qb1 31. f3 Qe1
32. Qd3 h5 33. h4 Kf7 34. Qf1 Qd2+ 35. Qf2 Qd3 36. Qf1 Qb3
37. Qc1 Ke8 38. Qd2 Kd7 39. Kf2 Kc7 40. Ke2 Kb6 41. Kf2 Kb5
42. Ke2 Ka4 43. Qc1 Qb5+ 44. Kd2 Kb3 45. Qc2+ Ka2 46. b4+ Ka3
47. Qc3+ Ka2 48. Qc2+ Ka3 49. Qc3+ Ka2 50. Qc2+ 1/2-1/2

[Event "European Club Cup"]
[Site "Rhodes GRE"]
[Date "2013.10.22"]
[EventDate "2013.10.20"]
[Round "3.5"]
[Result "1/2-1/2"]
[White "Christopher J Dorrington"]
[Black "Kubra Ozturk"]
[WhiteElo "2313"]
[BlackElo "2279"]
[PlyCount "141"]

1. d4 Nf6 2. c4 e6 3. Nc3 Bb4 4. e3 O-O 5. Ne2 d5 6. a3 Be7
7. cxd5 exd5 8. Nf4 c6 9. Bd3 a5 10. O-O Na6 11. Bc2 Nc7
12. f3 Ne6 13. Nxe6 Bxe6 14. Kh1 c5 15. b3 Rc8 16. Bb2 Re8
17. Rc1 cxd4 18. Qxd4 Bc5 19. Qd3 g6 20. e4 dxe4 21. Qxd8
Rexd8 22. Nxe4 Nxe4 23. Bxe4 b6 24. Rc3 Bf8 25. Re3 Bh6 26. f4
Bxf4 27. Ref3 Bh6 28. Bf6 Rd7 29. Bd3 Bg7 30. Bb5 Rd2 31. Bxg7
Kxg7 32. Bc4 Bxc4 33. bxc4 f5 34. Rc3 Re8 35. h3 Ree2 36. Rg3
Kf6 37. Rb1 Rb2 38. Rb3 Re1+ 39. Rxe1 Rxb3 40. Re8 Kg5 41. Rb8
a4 42. Ra8 Rxa3 43. Ra6 Kf4 44. Kh2 g5 45. Rxb6 Ra1 46. c5 a3
47. c6 Rc1 48. Ra6 Rc3 49. Ra4+ Ke5 50. c7 Rxc7 51. Rxa3 Rc4
52. Ra7 h5 53. Rh7 h4 54. Rh5 Kf4 55. Rh8 Ke3 56. Rh5 Kf4
57. Rh8 Rc2 58. Re8 Ra2 59. Re7 Ra1 60. Rf7 Re1 61. Rf8 Re5
62. Rg8 Re2 63. Rf8 Rf2 64. Rg8 g4 65. hxg4 fxg4 66. Rf8+ Ke3
67. Re8+ Kd3 68. Rg8 h3 69. Rxg4 Rxg2+ 70. Rxg2 hxg2 71. Kxg2
1/2-1/2

[Event "European Club Cup"]
[Site "Rhodes GRE"]
[Date "2013.10.24"]
[EventDate "2013.10.20"]
[Round "5.13"]
[Result "0-1"]
[White "Kubra Ozturk"]
[Black "Jani Ahvenjarvi"]
[WhiteElo "2279"]
[BlackElo "2241"]
[PlyCount "72"]

1. d4 Nf6 2. c4 e6 3. Nf3 d5 4. e3 Be7 5. Nc3 O-O 6. Qc2 b6
7. cxd5 exd5 8. Bd3 Bb7 9. O-O a6 10. b3 Bd6 11. Bb2 Qe7
12. Rac1 Nbd7 13. Qe2 Rfe8 14. Nd2 Ne4 15. Bxe4 dxe4 16. Nc4
Nf6 17. Rfd1 Nd5 18. Nxd6 Qxd6 19. Qc4 Re7 20. Ba3 Qxa3
21. Nxd5 Rd7 22. Nf4 Qxa2 23. d5 Re8 24. Rd4 Qa3 25. b4 h6
26. Rc3 Qa4 27. h4 Rde7 28. h5 Qd7 29. Ng6 fxg6 30. d6+ Re6
31. Qxc7 Rd8 32. Qxb6 Rxd6 33. Rxd6 Qxd6 34. Qxb7 Qd1+ 35. Kh2
Qxh5+ 36. Kg3 Qe5+ 0-1

[Event "European Club Cup"]
[Site "Rhodes GRE"]
[Date "2013.10.25"]
[EventDate "2013.10.20"]
[Round "6.10"]
[Result "0-1"]
[White "Baptiste Sorin"]
[Black "Kubra Ozturk"]
[WhiteElo "2183"]
[BlackElo "2279"]
[PlyCount "92"]

1. e4 e5 2. Nf3 Nc6 3. d4 exd4 4. Nxd4 Bc5 5. Nb3 Bb6 6. Nc3
Nge7 7. Qe2 O-O 8. Be3 d6 9. O-O-O Ne5 10. h3 Re8 11. f4 N5g6
12. g4 Bd7 13. g5 Qc8 14. Bxb6 axb6 15. Qf2 Bc6 16. Rg1 d5
17. f5 Ne5 18. exd5 Bd7 19. f6 Nf5 20. fxg7 Nd6 21. Qf6 Bxh3
22. Rh1 Bf5 23. Nd4 Ng4 24. Nxf5 Nxf6 25. Nh6+ Kxg7 26. gxf6+
Kxf6 27. Bh3 Qb8 28. Rhg1 Qa7 29. Rdf1+ Ke7 30. Rg7 Rf8
31. Be6 Qa6 32. Re1 Kf6 33. Rgg1 Rae8 34. Ng4+ Kg7 35. Ne5+
Kh8 36. Bd7 Rd8 37. Rh1 Rg8 38. Rh4 b5 39. Reh1 Rg7 40. b4 Qb6
41. Nd1 Nc4 42. Nxc4 bxc4 43. Bf5 Kg8 44. Bxh7+ Kf8 45. Rxc4
Rxd5 46. Bd3 Rd4 0-1

[Event "European Club Cup"]
[Site "Rhodes GRE"]
[Date "2013.10.26"]
[EventDate "2013.10.20"]
[Round "7.4"]
[Result "0-1"]
[White "Kubra Ozturk"]
[Black "Axel Delorme"]
[WhiteElo "2279"]
[BlackElo "2482"]
[PlyCount "44"]

1. d4 Nf6 2. c4 e6 3. Nf3 Bb4+ 4. Nbd2 d5 5. Qb3 Be7 6. Qc2
O-O 7. e3 a5 8. Bd3 c5 9. dxc5 Na6 10. cxd5 Nb4 11. Qb1 Nxd3+
12. Qxd3 Nxd5 13. Ne4 b6 14. Bd2 Ba6 15. Qb3 a4 16. Qd1 bxc5
17. Rc1 Qb6 18. Ne5 Rfd8 19. Nc4 Qb7 20. Qc2 Nb4 21. Bxb4 Bxc4
22. Qxc4 cxb4 0-1

[Event "European Team Championship (Women)"]
[Site "Warsaw POL"]
[Date "2013.11.08"]
[EventDate "2013.11.08"]
[Round "1.12"]
[Result "1/2-1/2"]
[White "Kubra Ozturk"]
[Black "Maria Manakova"]
[WhiteElo "2281"]
[BlackElo "2324"]
[PlyCount "134"]

1. Nf3 Nf6 2. d4 g6 3. g3 Bg7 4. Bg2 O-O 5. O-O d5 6. c4 dxc4
7. Na3 c3 8. bxc3 c5 9. Nc4 Nc6 10. Ba3 cxd4 11. cxd4 Bf5
12. Nce5 Be4 13. Qa4 Nxe5 14. dxe5 Bc6 15. Qh4 Bxf3 16. exf3
Nd5 17. f4 Re8 18. Bxd5 Qxd5 19. Bxe7 Rac8 20. a3 Qe6 21. Bd6
f6 22. Rae1 Qf5 23. Re3 Re6 24. Kg2 fxe5 25. fxe5 Bxe5 26. Rf3
Bf6 27. Rxf5 Bxh4 28. Rd5 Rd8 29. Rfd1 Be7 30. Bxe7 Rxd5
31. Rxd5 Rxe7 32. h4 Kf7 33. Rd6 Rc7 34. Rd3 Ke6 35. Kf3 Rc4
36. Ke3 b6 37. Kd2 h5 38. Rd8 Ra4 39. Rd3 Ke5 40. Ke3 Re4+
41. Kf3 Ra4 42. Ke3 b5 43. Rb3 a6 44. f3 Kd5 45. Rc3 a5
46. Kd2 b4 47. axb4 axb4 48. Rc8 Ra2+ 49. Ke3 b3 50. g4 b2
51. Rb8 Kc4 52. Kf4 Ra4 53. Rxb2 Kc3+ 54. Kg5 Kxb2 55. gxh5
gxh5 56. Kxh5 Kc3 57. Kg5 Kd4 58. h5 Ke5 59. h6 Ra7 60. Kg6
Ra6+ 61. Kg5 Ra1 62. h7 Rh1 63. Kg6 Ke6 64. Kg7 Rg1+ 65. Kf8
Rh1 66. Kg7 Rg1+ 67. Kf8 Rh1 1/2-1/2

[Event "European Team Championship (Women)"]
[Site "Warsaw POL"]
[Date "2013.11.09"]
[EventDate "2013.11.08"]
[Round "2.16"]
[Result "0-1"]
[White "Sheila Barth Berntsen Sahl"]
[Black "Kubra Ozturk"]
[WhiteElo "2233"]
[BlackElo "2281"]
[PlyCount "44"]

1. e4 e5 2. Nf3 Nc6 3. Bc4 Nf6 4. d3 Be7 5. O-O O-O 6. Re1 d6
7. c3 Na5 8. Bb5 a6 9. Ba4 b5 10. Bc2 c5 11. Nbd2 Nc6 12. Nf1
h6 13. Ne3 Re8 14. h3 Bf8 15. Nh2 d5 16. Qf3 d4 17. Nf5 Kh7
18. Ng4 Nxg4 19. hxg4 g6 20. Ng3 Ra7 21. Kh2 Qh4+ 22. Kg1 Bxg4
0-1

[Event "European Team Championship (Women)"]
[Site "Warsaw POL"]
[Date "2013.11.10"]
[EventDate "2013.11.08"]
[Round "3.7"]
[Result "0-1"]
[White "Kubra Ozturk"]
[Black "Ketino Kachiani-Gersinska"]
[WhiteElo "2281"]
[BlackElo "2365"]
[PlyCount "80"]

1. d4 Nf6 2. c4 e6 3. Nc3 Bb4 4. e3 O-O 5. Ne2 d5 6. a3 Be7
7. Nf4 b6 8. cxd5 exd5 9. Bd3 Bb7 10. O-O Nbd7 11. Qf3 c6
12. Bd2 Re8 13. Rac1 Nf8 14. Rfd1 Ng6 15. e4 dxe4 16. Nxe4 Nd5
17. Nxd5 cxd5 18. Nc3 a6 19. g3 Bf6 20. Be3 Ne7 21. h4 Ng6
22. h5 Nf8 23. Ne2 Ne6 24. Qf5 g6 25. hxg6 hxg6 26. Qh3 Bc8
27. Qg2 Ng5 28. Nf4 Bg4 29. Be2 Bxe2 30. Nxe2 Qd7 31. Nf4 Rad8
32. Rd3 Kg7 33. Bd2 Re4 34. Re1 Rde8 35. Rc1 Rh8 36. Bc3 Rxf4
37. gxf4 Nh3+ 38. Rxh3 Rxh3 39. Re1 Rh4 40. Qf3 Qf5 0-1

[Event "European Team Championship (Women)"]
[Site "Warsaw POL"]
[Date "2013.11.16"]
[EventDate "2013.11.08"]
[Round "8.15"]
[Result "1-0"]
[White "Kubra Ozturk"]
[Black "Heini Puuska"]
[WhiteElo "2281"]
[BlackElo "1982"]
[PlyCount "57"]

1. d4 d6 2. Nf3 f5 3. c4 Nf6 4. g3 g6 5. Bg2 Bg7 6. O-O O-O
7. Nc3 Qe8 8. Nd5 Na6 9. Nxf6+ Bxf6 10. Bh6 Bg7 11. Bxg7 Kxg7
12. Qd2 Qf7 13. Rac1 c5 14. h4 h6 15. Rfe1 f4 16. e3 fxg3
17. fxg3 Bf5 18. e4 Bh3 19. Rf1 Bxg2 20. Kxg2 Qe6 21. d5 Qg4
22. Qc3+ Kh7 23. Rce1 e5 24. dxe6 Qxe6 25. e5 d5 26. cxd5 Qxd5
27. Rd1 Qxa2 28. Rd7+ Kg8 29. e6 1-0

[Event "European Team Championship (Women)"]
[Site "Warsaw POL"]
[Date "2013.11.17"]
[EventDate "2013.11.08"]
[Round "9.14"]
[Result "1/2-1/2"]
[White "Mara Jelica"]
[Black "Kubra Ozturk"]
[WhiteElo "2252"]
[BlackElo "2281"]
[PlyCount "65"]

1. e4 e5 2. Nf3 Nc6 3. d4 exd4 4. Nxd4 Qf6 5. Be3 Bc5 6. c3
Nge7 7. Bc4 b6 8. O-O Bb7 9. Nb5 O-O-O 10. Bxc5 bxc5 11. Nd2
a6 12. Na3 g5 13. Qa4 Ne5 14. b4 d5 15. exd5 Nxc4 16. Naxc4
Nxd5 17. bxc5 Nxc3 18. Qc2 Ne2+ 19. Kh1 Nf4 20. f3 Qg6 21. Ne4
g4 22. Ncd6+ cxd6 23. cxd6+ Kb8 24. Rab1 Rd7 25. Qb2 Rhd8
26. Nf6 gxf3 27. Nxd7+ Rxd7 28. Qh8+ Ka7 29. Qd4+ Ka8 30. Qh8+
Ka7 31. Qd4+ Ka8 32. Qh8+ Ka7 33. Qd4+ 1/2-1/2

[Event "European Individual Women's Championship"]
[Site "Plovdiv BUL"]
[Date "2014.07.06"]
[EventDate "2014.07.06"]
[Round "1.50"]
[Result "0-1"]
[White "Viktoria Radeva"]
[Black "Kubra Ozturk"]
[WhiteElo "1937"]
[BlackElo "2311"]
[PlyCount "86"]

1. e4 e5 2. Nf3 Nc6 3. d4 exd4 4. Nxd4 Bc5 5. Be3 Qf6 6. c3
Nge7 7. Bc4 Ne5 8. Be2 Qg6 9. Bf3 d5 10. exd5 Nxf3+ 11. Qxf3
Bg4 12. Qf4 O-O-O 13. h3 Bd7 14. Qf3 Rhe8 15. O-O Bxd4
16. Bxd4 Nxd5 17. Nd2 Bc6 18. Qg3 Nf4 19. Qxg6 hxg6 20. Nb3
Bxg2 21. Rfe1 Bxh3 22. Bxg7 Nd3 23. Rxe8 Rxe8 24. Rd1 Nxb2
25. Rd4 Bf5 26. Nd2 Nd3 27. Nf3 Nc5 28. Rh4 Be4 29. Ne5 g5
30. Rh5 f5 31. f3 Bb1 32. a3 Ne6 33. Bf6 Nf4 34. Rh7 Nd5
35. Bg7 Nxc3 36. Nf7 Ne2+ 37. Kf2 g4 38. Be5 Nc1 39. Kg2 Ba2
40. Bg3 Ne2 41. fxg4 fxg4 42. Bh2 g3 43. Bg1 Bd5+ 0-1

[Event "European Individual Women's Championship"]
[Site "Plovdiv BUL"]
[Date "2014.07.07"]
[EventDate "2014.07.06"]
[Round "2.8"]
[Result "1/2-1/2"]
[White "Kubra Ozturk"]
[Black "Nino Khurtsidze"]
[WhiteElo "2311"]
[BlackElo "2460"]
[PlyCount "86"]

1. d4 Nf6 2. c4 e6 3. Nf3 d5 4. Nc3 Bb4 5. cxd5 exd5 6. Bg5 h6
7. Bh4 Nbd7 8. e3 g5 9. Bg3 Ne4 10. Nd2 Nxg3 11. hxg3 c6
12. Qc2 Nb6 13. Bd3 Be6 14. a3 Bxc3 15. Qxc3 Qf6 16. e4 O-O-O
17. e5 Qe7 18. O-O-O c5 19. dxc5 Na4 20. Qc2 Qxc5 21. Nb3
Qxc2+ 22. Bxc2 Kb8 23. Nd4 Nb6 24. b3 h5 25. f4 Bg4 26. Rde1
gxf4 27. gxf4 Nd7 28. f5 Rhe8 29. e6 fxe6 30. fxe6 Nc5 31. b4
Nxe6 32. Nxe6 Rxe6 33. Rxe6 Bxe6 34. Rxh5 d4 35. Be4 Rc8+
36. Kd2 Rc3 37. Rh6 Bd7 38. Rd6 Bc6 39. Bxc6 bxc6 40. Rxd4 Rg3
41. Rd7 Rxg2+ 42. Kc3 Rg3+ 43. Kb2 Rf3 1/2-1/2

[Event "Chess Olympiad (Women)"]
[Site "Tromso NOR"]
[Date "2014.08.02"]
[EventDate "2014.08.02"]
[Round "1.32"]
[Result "0-1"]
[White "Bina Jaiswal"]
[Black "Kubra Ozturk"]
[WhiteElo "1592"]
[BlackElo "2291"]
[PlyCount "46"]

1. e4 e5 2. Nf3 Nc6 3. Bc4 Bc5 4. c3 Nf6 5. d4 exd4 6. Qd3 Qe7
7. cxd4 d5 8. dxc5 dxe4 9. Qe2 exf3 10. Qxe7+ Kxe7 11. gxf3
Nd4 12. Bb3 Nxf3+ 13. Kd1 Rd8+ 14. Nd2 Bg4 15. Kc2 Bf5+
16. Kd1 Ne4 17. Ke2 Nfxd2 18. Bxd2 Rxd2+ 19. Ke3 Rad8 20. Rhf1
Nxc5 21. Rad1 R8d3+ 22. Kf4 Kf6 23. Bc4 g5# 0-1

[Event "Chess Olympiad (Women)"]
[Site "Tromso NOR"]
[Date "2014.08.03"]
[EventDate "2014.08.02"]
[Round "2.23"]
[Result "1/2-1/2"]
[White "Kubra Ozturk"]
[Black "Inna Agrest"]
[WhiteElo "2291"]
[BlackElo "2235"]
[PlyCount "100"]

1. d4 d5 2. c4 e6 3. Nf3 c5 4. cxd5 exd5 5. Nc3 Nc6 6. Bg5 Be7
7. Bxe7 Ngxe7 8. dxc5 d4 9. Ne4 O-O 10. a3 Qd5 11. Ned2 Rd8
12. Rc1 Bg4 13. Qb3 Qh5 14. e3 dxe3 15. fxe3 Nd5 16. Kf2 Na5
17. Qa4 Bxf3 18. Nxf3 Nxe3 19. Be2 Ng4+ 20. Kg3 Nf6 21. h3 Nc6
22. Rhe1 Ne5 23. Kh2 Neg4+ 24. Kg1 Ne3 25. Qb3 Nfd5 26. Nh2
Qg5 27. Bf3 Nxg2 28. Bxg2 Nf4 29. Rc2 Rd3 30. Qxb7 Rad8
31. Qe7 Nxh3+ 32. Kh1 Rd1 33. Re2 Nf2+ 34. Kg1 Nh3+ 35. Kh1
Nf2+ 36. Kg1 Nh3+ 37. Kf1 Qf5+ 38. Nf3 h5 39. Qe4 Qc8 40. Qh4
Rxe1+ 41. Rxe1 Qa6+ 42. Re2 Rd1+ 43. Ne1 Ng1 44. Qe4 Nxe2
45. Qe8+ Kh7 46. Qxe2 Qf6+ 47. Kg1 Qd4+ 48. Kf1 Qf6+ 49. Kg1
Qd4+ 50. Kf1 Qf6+ 1/2-1/2